Behavioral aspects of ecology. (Record no. 21064)

MARC details
000 -LEADER
fixed length control field 00359nam a2200133Ia 4500
082 ## - DEWEY DECIMAL CLASSIFICATION NUMBER
Classification number 574
Item number KLO
100 ## - MAIN ENTRY--AUTHOR NAME
Personal name KLOPFER, Peter H
245 #0 - TITLE STATEMENT
Title Behavioral aspects of ecology.
260 ## - PUBLICATION, DISTRIBUTION, ETC. (IMPRINT)
Place of publication New Delhi
Name of publisher Prentice Hall
Year of publication 1964
490 ## - SERIES STATEMENT
Series statement Prentice Hall biological science series
650 ## - SUBJECT ADDED ENTRY--TOPICAL TERM
Topical Term Ecology
942 ## - ADDED ENTRY ELEMENTS (KOHA)
Koha item type Books
Holdings
Withdrawn status Lost status Damaged status Not for loan Home library Current library Date acquired Full call number Accession Number Koha item type
        RRII Library RRII Library 16/12/2021 574 KLO 01786 Books